Language by Greeting - Statistics

General Stats
  • This quiz has been taken 62 times
    52 since last reset
  • The average score is 8 of 20
Answer Stats
Greeting Language % Correct
Hello English
100%
Bonjour French
91%
Ciao Italian
83%
Χαίρετε Greek
80%
Olá Portuguese
76%
Marhaba Arabic
67%
Cześć Polish
48%
Hujambo Swahili
48%
Kamusta Filipino
28%
Mholo Xhosa
28%
Buna Hungarian
26%
Sawubona Zulu
26%
Nde-ewo Igbo
17%
Pẹlẹ o Yoruba
17%
Hiha Maori
15%
Saluton Esperanto
9%
Kaixo Basque
7%
Ba'ax ka wa'alik Maya
2%
Salom Uzbek
2%
Sannu Huasa
0%
No matching quizzes found
Score Distribution
Percent of People with Each Score
Percentile by Number Answered
Your Score History
You have not taken this quiz since the last reset